000 00683nam a2200265Ia 4500
003 OSt
005 20221006144507.0
006 a|||||r|||| 00| 0
007 ta
008 221006b |||||||| |||| 00| 0 eng d
020 _c6.00
024 _a11,793
037 _cTextual
040 _aEASL
_cEASL
_beng
041 _2eng
_aeng
082 _aV1(W691).N6, K5
100 _aBROMKE Adam Ed.
_9652122
245 0 _aCommunist states at the crossroads
260 _aNew York
_bFrederick A. Praeger
_c1965
300 _a270p.
_ccm.
490 _v Gen
650 _aGen
942 _hV1(W691).N6, K5
_cTEXL
_2CC
999 _c1079879
_d1079879